000 00450pab a2200157 454500
008 180718b2010 xxu||||| |||| 00| 0 eng d
100 _aLowell, B. Lindsay
245 _aA long view of America's immigration policy and the supply of foreign-born STEM workers in the United States
260 _c2010
300 _ap.1029-044.
362 _aMar
650 _aImmigration
773 _aAmerican Behavioral Scientist
908 _aN
909 _a86233
999 _c86233
_d86233